00362nam a2200145Ia 4500008004100000020001500041041001200056082001600068100001700084245004900101260002700150300000800177650001600185700001500201221030s9999 xx 000 0 und d a8172240406 aEnglish a105.23bCoo aH. L. Cooper 4aThe Spirit Of Ccby H. L. Cooper, H. Mullish bJaico PubaDelhic2001 a527 aBE Computer aH. Mullish